A Mother's Choice.

This video examines the root causes of FAS/FAE (Fetal Alchohol Syndrome/effects) from the perspective of native mothers. "A Mothers Choice" focuses on an FAS support group whose members provide strong messages about drinking while pregnant. The Video is ideal for workshops, discussion grou...

Full description

Bibliographic Details
Corporate Author: Kanopy (Firm)
Format: Video
Language:Undetermined
Language Notes:In English
Published: [San Francisco, California, USA] : Kanopy Streaming, 2015.
Subjects:
Online Access:Connect to this streaming video

MARC

Tag First Indicator Second Indicator Subfields
LEADER 00000cgm a2200000za 4500
001 in00003590657
006 m o c
007 vz uzazuu
007 cr una---unuuu
008 150908p20151995cau026 o vlund d
005 20260324165357.1
028 5 2 |a 1126557  |b Kanopy 
035 |a (CaSfKAN)kan1126557 
040 |a VDU  |b eng  |c VDU  |d UtOrBLW 
245 0 2 |a A Mother's Choice. 
264 1 |a [San Francisco, California, USA] :  |b Kanopy Streaming,  |c 2015. 
300 |a 1 online resource (streaming video file) 
306 |a Duration: 27 minutes 
336 |a two-dimensional moving image  |b tdi  |2 rdacontent 
337 |a computer  |b c  |2 rdamedia 
338 |a online resource  |b cr  |2 rdacarrier 
500 |a Title from title frames. 
518 |a Originally produced by Gryphon Productions in 1995. 
520 |a This video examines the root causes of FAS/FAE (Fetal Alchohol Syndrome/effects) from the perspective of native mothers. "A Mothers Choice" focuses on an FAS support group whose members provide strong messages about drinking while pregnant. The Video is ideal for workshops, discussion groups as well as couples who are considering having a child. 
538 |a Mode of access: World Wide Web. 
546 |a In English 
500 |a Electronic resource. 
653 |a Everyday Health 
655 7 |a Nonfiction films.  |2 lcgft  |0 http://id.loc.gov/authorities/genreForms/gf2011026423 
655 7 |a Internet videos.  |2 lcgft  |0 http://id.loc.gov/authorities/genreForms/gf2011026337 
710 2 |a Kanopy (Firm)  |0 http://id.loc.gov/authorities/names/no2014091415 
856 4 0 |u http://proxy.library.tamu.edu/login?url=https://texasam.kanopystreaming.com/node/126558  |z Connect to this streaming video  |t 0 
999 f f |s 595bd744-6bb2-3f19-9bf5-ebaabaa4f98f  |i 3be8e32d-56ef-31ee-a369-9ae340dad1d0  |t 0 
952 f f |a Texas A&M University  |b College Station  |c Electronic Resources  |s www_evans  |d Available Online  |t 0  |h No information provided 
998 f f |t 0  |l Available Online